[Event "London TechM GCL"]
[Site "London"]
[Date "2024.10.11"]
[Round "10.2"]
[White "Wei, Yi"]
[Black "Praggnanandhaa, Rameshbabu"]
[Result "1/2-1/2"]
[WhiteElo "2763"]
[BlackElo "2746"]
[PlyCount "162"]
[EventDate "2024.10.03"]
[EventType "team-tourn (rapid)"]
[EventRounds "10"]
[EventCountry "ENG"]
[SourceTitle "CB42_2024"]
[Source "ChessBase"]
[SourceDate "2024.10.16"]
[SourceVersion "1"]
[SourceVersionDate "2024.10.16"]
[SourceQuality "1"]
[WhiteTeam "Triveni Continental Kings"]
[BlackTeam "Alpine Sg Pipers"]
[WhiteTeamCountry "ENG"]
[BlackTeamCountry "SIN"]

1. Nf3 d5 2. b3 c5 3. Bb2 f6 4. e3 e5 5. d4 cxd4 6. exd4 e4 7. Nfd2 f5 8. c4 Nf6 9. Nc3 Bd6 10. cxd5 0-0 11. Be2 a6 12. Nc4 Bb4 13. d6 b5 14. Ne5 Nd5 15. Rc1 Qxd6 16. 0-0 Bxc3 17. Bxc3 Nd7 18. Qd2 Bb7 19. f3 e3 20. Qb2 Rac8 21. Ba5 Nf4 22. Rcd1 Nxe5 23. dxe5 Qg6 24. g3 Nxe2+ 25. Qxe2 f4 26. Rd6 Qg5 27. g4 h5 28. h3 Qh4 29. Qg2 Qg3 30. Qxg3 fxg3 31. Rd3 e2 32. Re1 Rxf3 33. Rd2 g2 34. Rdxe2 Rxh3 35. Bb6 Rf8 36. Rxg2 Bxg2 37. Kxg2 hxg4 38. e6 Re8 39. Bc5 Rc3 40. b4 a5 41. Re4 axb4 42. Re5 b3 43. axb3 Rxb3 44. e7 b4 45. Re4 Rf3 46. Rxg4 Rf5 47. Bxb4 Kf7 48. Re4 Rf6 49. Kg3 Rc8 50. Bc5 Rf5 51. Bb4 Rg5+ 52. Kf3 Rg6 53. Rh4 Rh6 54. Rg4 Rf6+ 55. Ke3 Rcc6 56. Rd4 Rce6+ 57. Kd3 Rf3+ 58. Kc4 Rfe3 59. Rf4+ Kg6 60. Rg4+ Kf7 61. Rf4+ Rf6 62. Rd4 Rc6+ 63. Kd5 Rce6 64. Rf4+ Kg6 65. Rg4+ Kh7 66. Rh4+ Kg8 67. Rf4 R3e5+ 68. Kd4 g5 69. Rf8+ Kg7 70. Bd6 Re4+ 71. Kd5 g4 72. Rf5 Kg6 73. Rf8 Kh5 74. Rh8+ Kg5 75. Rg8+ Kh4 76. Rh8+ Kg5 77. Rg8+ Kh5 78. Rh8+ Kg6 79. Rg8+ Kf7 80. Rg5 Rxe7 81. Bxe7 Rxe7 1/2-1/2

[Event "London TechM GCL"]
[Site "London"]
[Date "2024.10.10"]
[Round "9.2"]
[White "Abdusattorov, Nodirbek"]
[Black "Wei, Yi"]
[Result "1-0"]
[WhiteElo "2783"]
[BlackElo "2763"]
[PlyCount "61"]
[EventDate "2024.10.03"]
[EventType "team-tourn (rapid)"]
[EventRounds "10"]
[EventCountry "ENG"]
[SourceTitle "CB42_2024"]
[Source "ChessBase"]
[SourceDate "2024.10.16"]
[SourceVersion "1"]
[SourceVersionDate "2024.10.16"]
[SourceQuality "1"]
[WhiteTeam "PBG Alaskan Knights"]
[BlackTeam "Triveni Continental Kings"]
[WhiteTeamCountry "USA"]
[BlackTeamCountry "ENG"]

1. d4 Nf6 2. Nf3 d5 3. Bf4 c5 4. e3 Nc6 5. Nbd2 Nh5 6. Bg5 h6 7. Bh4 g5 8. Ne5 Nxe5 9. dxe5 Ng7 10. Bg3 Qb6 11. Qf3 Be6 12. 0-0-0 0-0-0 13. e4 dxe4 14. Qa3 Nf5 15. Bc4 Bg7 16. Bxe6+ Qxe6 17. Qxa7 Nxg3 18. hxg3 Bxe5 19. Nxe4 b6 20. Rde1 Qc6 21. Nd2 Bxb2+ 22. Kxb2 Rxd2 23. Rxe7 Rhd8 24. Qa6+ Kb8 25. Rxh6 R2d6 26. Rxd6 Rxd6 27. Rxf7 Rf6 28. Rh7 Rf8 29. a4 Rd8 30. Rf7 c4 31. Kc3 1-0

[Event "London TechM GCL"]
[Site "London"]
[Date "2024.10.09"]
[Round "8.2"]
[White "Erigaisi, Arjun Kumar"]
[Black "Wei, Yi"]
[Result "1-0"]
[WhiteElo "2797"]
[BlackElo "2763"]
[PlyCount "171"]
[EventDate "2024.10.03"]
[EventType "team-tourn (rapid)"]
[EventRounds "10"]
[EventCountry "ENG"]
[SourceTitle "CB42_2024"]
[Source "ChessBase"]
[SourceDate "2024.10.16"]
[SourceVersion "1"]
[SourceVersionDate "2024.10.16"]
[SourceQuality "1"]
[WhiteTeam "Ganges Grandmasters"]
[BlackTeam "Triveni Continental Kings"]
[WhiteTeamCountry "IND"]
[BlackTeamCountry "ENG"]

1. d4 Nf6 2. c4 e6 3. Nf3 d5 4. cxd5 exd5 5. Nc3 c6 6. Bf4 Bf5 7. e3 Nbd7 8. h3 Qb6 9. Bd3 Bxd3 10. Qxd3 Be7 11. 0-0 0-0 12. Na4 Qb4 13. Qc2 a5 14. Rfc1 Rfe8 15. Rab1 Qc4 16. Qd1 Qa6 17. Ne1 Ne4 18. Nd3 Bd6 19. Bxd6 Nxd6 20. Nac5 Nxc5 21. Nxc5 Qb6 22. a4 Ne4 23. Nd3 Qc7 24. Rc2 Nd6 25. b3 Qe7 26. Qe1 Ra7 27. Rc5 Qd8 28. Rb2 Ne4 29. Rc1 Nd6 30. Re2 Qb6 31. Rb1 Qc7 32. Ne5 Raa8 33. Rc2 f6 34. Nd3 Ra7 35. Re2 Re7 36. Qc3 Ne4 37. Qb2 Nd6 38. Rbe1 Ra8 39. Rc1 Qb6 40. Qc2 Rae8 41. Qd1 Nf5 42. Rb2 Nd6 43. h4 g6 44. h5 Kg7 45. Qg4 Qd8 46. Nc5 Ne4 47. b4 axb4 48. Rxb4 Nxc5 49. Rxc5 Qd7 50. Qf3 g5 51. a5 Re4 52. Rb6 Qc7 53. g3 R8e6 54. Kg2 Rd6 55. Rc1 Re7 56. Qf5 Qd8 57. Rcb1 Qd7 58. h6+ Kg8 59. Qxd7 Rdxd7 60. a6 bxa6 61. Rxc6 Ra7 62. Rxf6 Re8 63. Rf5 a5 64. Rxg5+ Kf8 65. Rxd5 a4 66. Ra1 a3 67. Ra2 Kf7 68. Rb5 Re6 69. Rb3 Rea6 70. f4 Kg6 71. Kf3 Kxh6 72. g4 Kg7 73. e4 Rh6 74. Kg3 Rha6 75. f5 Ra4 76. Kf4 h6 77. Rd3 Kf7 78. g5 hxg5+ 79. Kxg5 Ra8 80. Kf4 Ke7 81. e5 Kf7 82. Ke4 Ke7 83. Rh3 Kd7 84. f6 Ke6 85. Rh7 R8a7 86. Rxa3 1-0

[Event "London TechM GCL"]
[Site "London"]
[Date "2024.10.08"]
[Round "7.2"]
[White "Wei, Yi"]
[Black "Duda, Jan Krzysztof"]
[Result "1/2-1/2"]
[WhiteElo "2763"]
[BlackElo "2740"]
[PlyCount "122"]
[EventDate "2024.10.03"]
[EventType "team-tourn (rapid)"]
[EventRounds "10"]
[EventCountry "ENG"]
[SourceTitle "CB42_2024"]
[Source "ChessBase"]
[SourceDate "2024.10.16"]
[SourceVersion "1"]
[SourceVersionDate "2024.10.16"]
[SourceQuality "1"]
[WhiteTeam "Triveni Continental Kings"]
[BlackTeam "American Gambits"]
[WhiteTeamCountry "ENG"]
[BlackTeamCountry "USA"]

1. e4 e5 2. Nf3 Nc6 3. Bc4 Bc5 4. d3 Nf6 5. a4 a5 6. Be3 Bxe3 7. fxe3 d6 8. 0-0 0-0 9. Nbd2 Be6 10. h3 Bxc4 11. Nxc4 Ne7 12. Nh4 Qd7 13. Qe2 Qe6 14. Rf2 g6 15. Raf1 Nd7 16. b3 f6 17. d4 exd4 18. exd4 d5 19. Nd2 Rae8 20. Re1 dxe4 21. Nxe4 Nc6 22. Nf3 f5 23. Neg5 Qxe2 24. Rfxe2 Rxe2 25. Rxe2 Nf6 26. c4 Nd8 27. d5 Re8 28. Rxe8+ Nxe8 29. Nd4 Kg7 30. Kf2 h6 31. Nge6+ Nxe6 32. Nxe6+ Kf6 33. Ke3 g5 34. Kd4 f4 35. c5 b6 36. Kc4 Ke5 37. Nd4 bxc5 38. Kxc5 Nd6 39. Nc6+ Ke4 40. b4 Nb7+ 41. Kc4 Nd6+ 42. Kc5 Nb7+ 43. Kc4 Nd6+ 44. Kc3 Kxd5 45. Nxa5 h5 46. Nb3 g4 47. hxg4 hxg4 48. Kd3 Nc4 49. a5 Ne5+ 50. Kd2 Kc4 51. Nc1 f3 52. gxf3 gxf3 53. a6 Nc6 54. Nd3 Kb5 55. Ke3 Kxa6 56. Kxf3 Kb5 57. Nf4 Kc4 58. Ke4 Nxb4 59. Ne6 c6 60. Nd4 Kc5 61. Nxc6 Nxc6 1/2-1/2

[Event "London TechM GCL"]
[Site "London"]
[Date "2024.10.07"]
[Round "6.1"]
[White "Vidit, Santosh Gujrathi"]
[Black "Wei, Yi"]
[Result "1-0"]
[WhiteElo "2726"]
[BlackElo "2763"]
[PlyCount "91"]
[EventDate "2024.10.03"]
[EventType "team-tourn (rapid)"]
[EventRounds "10"]
[EventCountry "ENG"]
[SourceTitle "CB42_2024"]
[Source "ChessBase"]
[SourceDate "2024.10.16"]
[SourceVersion "1"]
[SourceVersionDate "2024.10.16"]
[SourceQuality "1"]
[WhiteTeam "Mumba Masters"]
[BlackTeam "Triveni Continental Kings"]
[WhiteTeamCountry "IND"]
[BlackTeamCountry "ENG"]

1. e4 c5 2. Nf3 d6 3. d4 cxd4 4. Nxd4 Nf6 5. Nc3 a6 6. Be3 e5 7. Nf3 Be7 8. Bc4 Be6 9. Bb3 0-0 10. 0-0 Qc8 11. a4 Nbd7 12. Nh4 g6 13. Nf3 Nc5 14. Bg5 Rd8 15. Bxf6 Bxf6 16. Nd5 Nxb3 17. Nxf6+ Kg7 18. Nh5+ gxh5 19. cxb3 f6 20. Nh4 d5 21. Rc1 Qd7 22. exd5 Qxd5 23. Rc7+ Kh6 24. Qc1+ Qd2 25. Rxb7 Qxc1 26. Rxc1 Rac8 27. Re1 Rc6 28. b4 Rd2 29. b5 axb5 30. Rxb5 Bc4 31. Rb7 Ba6 32. Ra7 Bd3 33. b4 Rcc2 34. Rd7 Re2 35. Rf1 e4 36. Nf5+ Kg6 37. Ne3 Ra2 38. a5 Reb2 39. Re1 Rxf2 40. h3 f5 41. Rd6+ Kg7 42. Rc1 Kf8 43. Rc7 Ke8 44. Rb6 Kd8 45. Rxh7 Kc8 46. Rg6 1-0

[Event "London TechM GCL"]
[Site "London"]
[Date "2024.10.06"]
[Round "5.2"]
[White "Wei, Yi"]
[Black "Vidit, Santosh Gujrathi"]
[Result "1-0"]
[WhiteElo "2763"]
[BlackElo "2726"]
[PlyCount "95"]
[EventDate "2024.10.03"]
[EventType "team-tourn (rapid)"]
[EventRounds "10"]
[EventCountry "ENG"]
[SourceTitle "CB42_2024"]
[Source "ChessBase"]
[SourceDate "2024.10.16"]
[SourceVersion "1"]
[SourceVersionDate "2024.10.16"]
[SourceQuality "1"]
[WhiteTeam "Triveni Continental Kings"]
[BlackTeam "Mumba Masters"]
[WhiteTeamCountry "ENG"]
[BlackTeamCountry "IND"]

1. d4 Nf6 2. Bf4 e6 3. e3 d5 4. Nc3 Bd6 5. Qf3 0-0 6. g4 Nc6 7. g5 Ne8 8. 0-0-0 Bxf4 9. Qxf4 f6 10. Bd3 Nd6 11. Qh4 f5 12. f4 Ne7 13. Nf3 b6 14. Rhg1 Ng6 15. Qf2 c5 16. Ne5 c4 17. Be2 b5 18. Bh5 Nxe5 19. dxe5 b4 20. Nxd5 exd5 21. exd6 Qxd6 22. Rg3 Be6 23. Rh3 g6 24. Bxg6 hxg6 25. Qh4 Kf7 26. Qh7+ Ke8 27. Qxg6+ Kd7 28. Rh6 Rae8 29. Qg7+ Kc6 30. Qxa7 Ra8 31. Qg7 Rfe8 32. Rh7 Bd7 33. Rh6 Be6 34. Kb1 Re7 35. Qf6 Kb5 36. e4 fxe4 37. f5 e3 38. fxe6 e2 39. Re1 Qa6 40. Qxe7 Qxa2+ 41. Kc1 c3 42. Qb7+ Kc5 43. Qc7+ Kb5 44. bxc3 b3 45. Qb7+ Kc5 46. Qb4+ Kc6 47. e7+ Kd7 48. Qb7+ 1-0

[Event "London TechM GCL"]
[Site "London"]
[Date "2024.10.05"]
[Round "4.3"]
[White "Duda, Jan Krzysztof"]
[Black "Wei, Yi"]
[Result "0-1"]
[WhiteElo "2740"]
[BlackElo "2763"]
[PlyCount "106"]
[EventDate "2024.10.03"]
[EventType "team-tourn (rapid)"]
[EventRounds "10"]
[EventCountry "ENG"]
[SourceTitle "CB42_2024"]
[Source "ChessBase"]
[SourceDate "2024.10.16"]
[SourceVersion "1"]
[SourceVersionDate "2024.10.16"]
[SourceQuality "1"]
[WhiteTeam "American Gambits"]
[BlackTeam "Triveni Continental Kings"]
[WhiteTeamCountry "USA"]
[BlackTeamCountry "ENG"]

1. d4 Nf6 2. c4 e6 3. g3 d5 4. Bg2 Be7 5. Nf3 0-0 6. Qc2 c5 7. 0-0 cxd4 8. Nxd4 e5 9. Nf5 d4 10. Rd1 Bc5 11. Nc3 Nc6 12. Nd5 Nb4 13. Nxb4 Bxb4 14. a3 Ba5 15. Nh4 Bc7 16. b4 a5 17. b5 Bd6 18. e3 Bg4 19. Bf3 e4 20. Bxg4 d3 21. Qa2 Nxg4 22. f3 exf3 23. Rxd3 f2+ 24. Kg2 Qf6 25. Bd2 Bc5 26. Rf1 Qe6 27. Rd5 Bxe3 28. Nf5 Bxd2 29. Qxd2 Qe4+ 30. Kh3 Qxc4 31. Qd3 Qxd3 32. Rxd3 h5 33. Kg2 Rfd8 34. Rxd8+ Rxd8 35. h3 Ne5 36. Rxf2 Rd3 37. a4 Ra3 38. Rf4 Ra2+ 39. Kf1 Nd3 40. Rd4 Nc5 41. Nd6 b6 42. Nc8 Nxa4 43. g4 hxg4 44. hxg4 Nc3 45. Nxb6 Nxb5 46. Rd8+ Kh7 47. Rd7 f6 48. Nd5 Kh6 49. Ne3 g6 50. g5+ fxg5 51. Ng4+ Kh5 52. Nf6+ Kh4 53. Ne4 Ra4 0-1